[Event "SRB-chT (Women)"]
[Site "Kragujevac"]
[Date "2016.09.23"]
[Round "2.1"]
[White "Milosavljevic, Milica"]
[Black "Drljevic, Ljilja"]
[Result "0-1"]
[WhiteElo "1926"]
[BlackElo "2207"]
[PlyCount "54"]
[EventDate "2016.09.22"]
[EventType "team-tourn"]
[EventRounds "11"]
[EventCountry "SRB"]
[SourceTitle "CBM 174 Extra"]
[Source "ChessBase"]
[SourceDate "2016.10.10"]
[SourceVersion "1"]
[SourceVersionDate "2016.10.10"]
[SourceQuality "1"]
[WhiteTeam "Cuprija Radnicki (W)"]
[BlackTeam "BAS (W)"]
[WhiteTeamCountry "SRB"]
[BlackTeamCountry "SRB"]

1. c4 d6 2. Nc3 g6 3. g3 Bg7 4. Bg2 e5 5. e4 Nf6 6. Nge2 0-0 7. 0-0 Nc6 8. d3 Nd4 9. h3 c6 10. Be3 Nh5 11. Qc1 f5 12. exf5 Bxf5 13. Qd1 Be6 14. Bxd4 exd4 15. Ne4 Qe7 16. f4 Rae8 17. g4 Nf6 18. Nxd4 Bf7 19. Ne2 Nxe4 20. dxe4 Bxc4 21. Qc2 Ba6 22. Rae1 Kh8 23. b3 d5 24. e5 g5 25. fxg5 Qxe5 26. Rxf8+ Bxf8 27. Kf2 Bb4 0-1

[Event "SRB Central-ch op-B 6th"]
[Site "Paracin"]
[Date "2013.07.10"]
[Round "7"]
[White "Djuretanovic, Ivan"]
[Black "Milosavljevic, Milica"]
[Result "0-1"]
[WhiteElo "2042"]
[BlackElo "1926"]
[PlyCount "149"]
[EventDate "2013.07.05"]
[EventType "swiss"]
[EventRounds "9"]
[EventCountry "SRB"]
[SourceTitle "CBM 155 Extra"]
[Source "ChessBase"]
[SourceDate "2013.08.26"]
[SourceVersion "1"]
[SourceVersionDate "2013.08.26"]
[SourceQuality "1"]

1. e4 c5 2. d3 d6 3. g3 g6 4. Bg2 Bg7 5. f4 e6 6. Nf3 Nc6 7. c4 Nge7 8. Nc3 0-0 9. Be3 Nd4 10. 0-0 Nec6 11. a3 Rb8 12. Rb1 a6 13. Ne2 b5 14. Nfxd4 Nxd4 15. Nxd4 cxd4 16. Bd2 Qb6 17. b3 Bd7 18. Qe1 Rfe8 19. Ba5 Qa7 20. Bb4 Qc7 21. Rc1 bxc4 22. bxc4 Bc6 23. Qd2 Qd7 24. Bh3 f5 25. exf5 exf5 26. Rfe1 Bf6 27. Bg2 Kf7 28. Rxe8 Rxe8 29. Re1 Rxe1+ 30. Qxe1 Bxg2 31. Kxg2 Qe6 32. Qxe6+ Kxe6 33. Kf3 Bd8 34. a4 Bb6 35. h3 h5 36. g4 hxg4+ 37. hxg4 Bc7 38. c5 dxc5 39. Bxc5 Kd5 40. gxf5 gxf5 41. Bb4 Bb8 42. Kg3 Bc7 43. Be7 Ke6 44. Bg5 Ba5 45. Kh4 Be1+ 46. Kh5 Bd2 47. Kg6 Be3 48. Bh6 Bd2 49. Kg5 Be3 50. Bg7 Bf2 51. Be5 Bg1 52. Kh4 Bf2+ 53. Kh3 Kd5 54. Kg2 Be3 55. Kg3 Bg1 56. Kh4 Bf2+ 57. Kg5 Ke6 58. Kg6 Bg1 59. Kg7 Ke7 60. Bf6+ Ke6 61. Bg5 Be3 62. Kf8 Bd2 63. Ke8 Ba5 64. Bd8 Bxd8 65. Kxd8 Kd6 66. a5 Kc5 67. Ke7 Kb4 68. Ke6 Kc3 69. Kxf5 Kxd3 70. Ke6 Kc4 71. f5 d3 72. f6 d2 73. f7 d1Q 74. f8Q Qd5+ 75. Ke7 0-1

[Event "SRB Central-ch op-B 6th"]
[Site "Paracin"]
[Date "2013.07.09"]
[Round "5"]
[White "Djordjevic, Lazar"]
[Black "Milosavljevic, Milica"]
[Result "0-1"]
[WhiteElo "1683"]
[BlackElo "1926"]
[PlyCount "128"]
[EventDate "2013.07.05"]
[EventType "swiss"]
[EventRounds "9"]
[EventCountry "SRB"]
[SourceTitle "CBM 155 Extra"]
[Source "ChessBase"]
[SourceDate "2013.08.26"]
[SourceVersion "1"]
[SourceVersionDate "2013.08.26"]
[SourceQuality "1"]

1. e4 c5 2. Nf3 d6 3. c3 Nf6 4. h3 g6 5. Bd3 Bg7 6. Bc2 0-0 7. 0-0 Nc6 8. Re1 e5 9. d4 cxd4 10. cxd4 Qb6 11. dxe5 dxe5 12. Bb3 Rd8 13. Nbd2 h6 14. Qe2 Nh5 15. Nc4 Qc7 16. Ne3 Nf4 17. Qc2 Qe7 18. Nd5 Nxd5 19. Bxd5 Nb4 20. Qb3 Nxd5 21. exd5 Qd6 22. Be3 b6 23. Rad1 Bf5 24. Rd2 Rac8 25. Red1 Rc7 26. Ne1 g5 27. Nc2 Bf8 28. Na3 Qb4 29. Nb5 Qxb3 30. axb3 Rcd7 31. f3 Bb4 32. Nc3 Rc8 33. Rc1 Rdc7 34. h4 Bxc3 35. bxc3 Rxc3 36. Re1 f6 37. hxg5 hxg5 38. Ra2 R8c7 39. Ra3 Rd3 40. Bf2 Rxd5 41. Rea1 Rdd7 42. b4 e4 43. fxe4 Bxe4 44. Bg3 Rc2 45. R1a2 Rc1+ 46. Kf2 Rc4 47. Rxa7 Rxa7 48. Rxa7 Rxb4 49. Bd6 Rb2+ 50. Ke3 Bxg2 51. Be7 Rb3+ 52. Kf2 Bc6 53. Ke2 Kf7 54. Bd6+ Kg6 55. Re7 b5 56. Re6 Bd5 57. Re8 b4 58. Rb8 Rb2+ 59. Ke3 b3 60. Rb6 Rc2 61. Be5 Rc6 62. Rxc6 Bxc6 63. Bb2 f5 64. Kf2 f4 0-1

[Event "SRB-chT2 East CS"]
[Site "Serbia"]
[Date "2011.10.15"]
[Round "10.35"]
[White "Milosavljevic, Milica"]
[Black "Ilic, Stefan B"]
[Result "1-0"]
[WhiteElo "1896"]
[BlackElo "1774"]
[PlyCount "21"]
[EventDate "2011.09.11"]
[EventType "team"]
[EventRounds "11"]
[EventCountry "SRB"]
[SourceTitle "EXT 2015"]
[Source "ChessBase"]
[SourceDate "2014.11.20"]
[SourceVersion "1"]
[SourceVersionDate "2014.11.20"]
[SourceQuality "1"]

1. c4 Nf6 2. Nc3 g6 3. g3 Bg7 4. Bg2 0-0 5. e4 d6 6. Nge2 c5 7. 0-0 Nc6 8. d3 e6 9. h3 Bd7 10. Be3 a6 11. f4 1-0

[Event "SRB-chT (Women)"]
[Site "Valjevo"]
[Date "2011.09.04"]
[Round "9.3"]
[White "Chelushkina, Irina"]
[Black "Milosavljevic, Milica"]
[Result "0-1"]
[WhiteElo "2296"]
[BlackElo "1881"]
[PlyCount "82"]
[EventDate "2011.08.27"]
[EventType "team-tourn"]
[EventRounds "11"]
[EventCountry "SRB"]
[SourceTitle "CBM 144 Extra"]
[Source "ChessBase"]
[SourceDate "2011.10.28"]
[SourceVersion "1"]
[SourceVersionDate "2011.10.28"]
[SourceQuality "1"]
[WhiteTeam "Belgrade BAS (W)"]
[BlackTeam "Debrc (W)"]
[WhiteTeamCountry "SRB"]
[BlackTeamCountry "SRB"]

1. g3 Nf6 2. Bg2 g6 3. e4 d6 4. Ne2 Bg7 5. d4 0-0 6. Nbc3 c6 7. a4 e5 8. h3 Qc7 9. 0-0 Re8 10. Be3 Nbd7 11. a5 exd4 12. Bxd4 Nc5 13. e5 Nfd7 14. exd6 Qxd6 15. Bxg7 Qxd1 16. Rfxd1 Kxg7 17. a6 Nxa6 18. Rd4 Nac5 19. b4 Ne6 20. Re4 Nf6 21. Re3 Bd7 22. f4 a6 23. g4 Nc7 24. Rd3 Be6 25. Rg3 Bc4 26. Bf1 Nfd5 27. f5 Re3 28. f6+ Kxf6 29. Bg2 Bxe2 30. Rxe3 Nxe3 31. Nxe2 Nxc2 32. Rf1+ Kg7 33. Rf4 Nd5 34. Bxd5 cxd5 35. Nc1 Rc8 36. Nd3 Rc4 37. Rf2 Nxb4 38. Ne5 Rc7 39. g5 d4 40. Ng4 d3 41. Nf6 Rc2 0-1

[Event "SRB-chT (Women)"]
[Site "Valjevo"]
[Date "2011.08.31"]
[Round "5.5"]
[White "Foisor, Mihaela Veronica"]
[Black "Milosavljevic, Milica"]
[Result "1-0"]
[WhiteElo "2217"]
[BlackElo "1881"]
[PlyCount "107"]
[EventDate "2011.08.27"]
[EventType "team-tourn"]
[EventRounds "11"]
[EventCountry "SRB"]
[SourceTitle "CBM 144 Extra"]
[Source "ChessBase"]
[SourceDate "2011.10.28"]
[SourceVersion "1"]
[SourceVersionDate "2011.10.28"]
[SourceQuality "1"]
[WhiteTeam "Rudovci Radnicki (W)"]
[BlackTeam "Debrc (W)"]
[WhiteTeamCountry "SRB"]
[BlackTeamCountry "SRB"]

1. d4 Nf6 2. c4 g6 3. Nc3 Bg7 4. Nf3 0-0 5. Bg5 d6 6. e3 c5 7. Be2 Nc6 8. 0-0 h6 9. Bh4 Bf5 10. d5 Na5 11. Nd2 e5 12. e4 Bd7 13. a3 b6 14. b4 Nb7 15. f3 Qc8 16. Qc2 Nh5 17. b5 f5 18. a4 g5 19. Bf2 f4 20. Nb3 g4 21. a5 g3 22. Be1 bxa5 23. Nxa5 Nxa5 24. Rxa5 Qd8 25. Ra6 Qh4 26. h3 Rf6 27. Bd3 Rg6 28. b6 Bc8 29. Rxa7 Rb8 30. Rc7 Bxh3 31. gxh3 Qxh3 32. Qg2 Qxg2+ 33. Kxg2 Rxb6 34. Nb5 Ra6 35. Ra7 Rxa7 36. Nxa7 Nf6 37. Nc6 Bf8 38. Ba5 h5 39. Rh1 Rh6 40. Bd8 Kg7 41. Ne7 Bxe7 42. Bxe7 Nh7 43. Bc2 Kf7 44. Bd8 Nf8 45. Ba4 Ng6 46. Rb1 h4 47. Rb7+ Kg8 48. Bd7 Nf8 49. Bf5 Rh5 50. Bf6 Rh6 51. Rg7+ Kh8 52. Rg6+ Kh7 53. Rxg3+ Ng6 54. Rxg6 1-0

[Event "SRB-ch U20 Girls"]
[Site "Donji Milanovac"]
[Date "2011.08.04"]
[Round "5"]
[White "Milosavljevic, Milica"]
[Black "Milutinovic, Stefana"]
[Result "1-0"]
[WhiteElo "1881"]
[BlackElo "1849"]
[PlyCount "115"]
[EventDate "2011.08.01"]
[EventType "tourn"]
[EventRounds "9"]
[EventCountry "SRB"]
[SourceTitle "CBM 144 Extra"]
[Source "ChessBase"]
[SourceDate "2011.10.28"]
[SourceVersion "1"]
[SourceVersionDate "2011.10.28"]
[SourceQuality "1"]

1. Nc3 d5 2. e4 d4 3. Nce2 e5 4. Ng3 Nf6 5. Nf3 Nc6 6. Bc4 h6 7. 0-0 Bd6 8. a3 g5 9. d3 Bd7 10. c3 Qe7 11. cxd4 exd4 12. b4 0-0-0 13. Bb2 Bxg3 14. fxg3 Bg4 15. h3 Bxf3 16. Qxf3 Rd6 17. Qf5+ Kb8 18. Rae1 Ne5 19. Bxd4 Rxd4 20. Qxf6 Qxf6 21. Rxf6 Nxc4 22. dxc4 Rxc4 23. Rxf7 Rc6 24. e5 Re6 25. Rf6 Rhe8 26. Rxe6 Rxe6 27. Kf2 Kc8 28. Kf3 Kd7 29. Ke4 Rc6 30. Rf1 Ke7 31. Kf5 Rc3 32. Rf3 Rc6 33. h4 gxh4 34. gxh4 Re6 35. Rg3 Rc6 36. Rg7+ Kf8 37. Rg6 Rc2 38. g4 Rf2+ 39. Ke6 Rg2 40. Kd7 c6 41. Rf6+ Kg7 42. Rf4 Rd2+ 43. Ke7 Rd5 44. e6 b6 45. Ke8 Rd3 46. Rf7+ Kg8 47. Rxa7 c5 48. e7 c4 49. Rd7 Rxa3 50. Rc7 Rd3 51. Rxc4 Rd6 52. Rc7 Rd3 53. Rd7 Ra3 54. Kd8 Ra8+ 55. Kc7 Kf7 56. Kxb6 Rb8+ 57. Rb7 Rg8 58. e8Q+ 1-0

[Event "Jagodina op 4th"]
[Site "Jagodina"]
[Date "2011.03.06"]
[Round "2"]
[White "Miljkovic, Miroslav M"]
[Black "Milosavljevic, Milica"]
[Result "1-0"]
[WhiteElo "2172"]
[BlackElo "1860"]
[PlyCount "144"]
[EventDate "2011.03.05"]
[EventType "swiss"]
[EventRounds "9"]
[EventCountry "SRB"]
[SourceTitle "CBM 141 Extra"]
[Source "ChessBase"]
[SourceDate "2011.05.03"]
[SourceVersion "1"]
[SourceVersionDate "2011.05.03"]
[SourceQuality "1"]

1. d4 Nf6 2. c4 g6 3. Nc3 Bg7 4. e4 d6 5. f3 0-0 6. Bg5 h6 7. Be3 e5 8. d5 a5 9. Qd2 Kh7 10. Bd3 Na6 11. Nge2 Nc5 12. Bc2 Bd7 13. g4 Rb8 14. Ng3 b5 15. cxb5 Bxb5 16. h4 Ng8 17. h5 g5 18. Bxc5 dxc5 19. Nxb5 Rxb5 20. Bd3 Rb4 21. Rc1 Qd6 22. a3 Rb3 23. Rf1 Rfb8 24. Rc2 Qb6 25. Rf2 Qa7 26. Nf5 Bf8 27. Bc4 R3b6 28. Qc3 f6 29. Ne3 Bd6 30. Ba2 Ne7 31. Nc4 Rb5 32. Qd2 Nc8 33. Qc1 a4 34. Ne3 Qa5+ 35. Qd2 Qxd2+ 36. Rfxd2 R5b7 37. Kd1 Na7 38. Bc4 Nc8 39. Kc1 Rb6 40. Rc3 R6b7 41. Ba6 Rb6 42. Bxc8 Rxc8 43. Rdc2 Ra8 44. Nd1 Rb5 45. Rc4 Rb3 46. Nc3 Kg7 47. Kd2 Rab8 48. Kc1 Kf7 49. Rxa4 Be7 50. Rc4 Bd6 51. Rf2 Ke7 52. Nd1 Kd7 53. Rc3 R3b7 54. Rfc2 Kc8 55. Nf2 Kd7 56. Nd3 Rb3 57. Kd2 Ke7 58. Rxb3 Rxb3 59. Rc3 Rb5 60. Kc2 Kd8 61. Rb3 Rxb3 62. Kxb3 Kc8 63. Kc4 Kb7 64. Nxc5+ Kb6 65. Nd7+ Kb7 66. Nxf6 Kc8 67. a4 Be7 68. Ne8 Kd7 69. Ng7 Kc8 70. Nf5 Bf8 71. d6 cxd6 72. Kd5 Kc7 1-0

[Event "Paracin-ch"]
[Site "Paracin"]
[Date "2011.01.30"]
[Round "5"]
[White "Milosavljevic, Milica"]
[Black "Stefanovic, Vladimir"]
[Result "0-1"]
[WhiteElo "1870"]
[BlackElo "2132"]
[PlyCount "78"]
[EventDate "2011.01.28"]
[EventType "swiss"]
[EventRounds "7"]
[EventCountry "SRB"]
[SourceTitle "CBM 140 Extra"]
[Source "ChessBase"]
[SourceDate "2011.03.01"]
[SourceVersion "1"]
[SourceVersionDate "2011.03.01"]
[SourceQuality "1"]

1. c4 Nf6 2. Nc3 g6 3. g3 Bg7 4. Bg2 0-0 5. e4 d6 6. Nge2 c5 7. 0-0 Nc6 8. d3 Ne8 9. Be3 Nd4 10. Rb1 Nc7 11. a3 Bg4 12. h3 Bxe2 13. Nxe2 Nce6 14. b4 Rb8 15. Kh2 a6 16. Nxd4 Nxd4 17. Bxd4 Bxd4 18. Qd2 b5 19. Rb3 Qc7 20. Rc1 Qa7 21. Rc2 Rfc8 22. Kg1 Rc7 23. Rc1 cxb4 24. axb4 Rbc8 25. Bf1 Kg7 26. Rc2 Qb8 27. Ra2 Rc6 28. Kg2 e6 29. Rba3 Qb7 30. Ra5 f5 31. f3 Rf8 32. cxb5 axb5 33. Rc2 f4 34. Rxc6 Qxc6 35. gxf4 Rf7 36. Ra2 Qb6 37. Qe2 Rxf4 38. Qc2 Qd8 39. Ra5 Qg5+ 0-1

[Event "SRB Central-ch (Women)"]
[Site "Valjevo"]
[Date "2010.11.11"]
[Round "4"]
[White "Eric, Jovana"]
[Black "Milosavljevic, Milica"]
[Result "1-0"]
[WhiteElo "2218"]
[BlackElo "1866"]
[PlyCount "89"]
[EventDate "2010.11.08"]
[EventType "tourn"]
[EventRounds "7"]
[EventCountry "YUG"]
[SourceTitle "CBM 139 Extra"]
[Source "ChessBase"]
[SourceDate "2011.01.05"]
[SourceVersion "1"]
[SourceVersionDate "2011.01.05"]
[SourceQuality "1"]

1. e4 d5 2. exd5 Qxd5 3. Nf3 Nf6 4. Be2 c6 5. 0-0 Bg4 6. h3 Bxf3 7. Bxf3 Qa5 8. d4 e6 9. c4 Bd6 10. Bd2 Qc7 11. Bg5 Nbd7 12. Nc3 a6 13. d5 cxd5 14. cxd5 e5 15. Rc1 Qb6 16. Na4 Qa5 17. a3 b5 18. Bxf6 Nxf6 19. Nc5 Bxc5 20. Rxc5 0-0 21. Qc2 Rad8 22. Ra1 Rfe8 23. b4 Qb6 24. Re1 Nd7 25. Rc6 Qb7 26. Qc3 Rc8 27. Bg4 Red8 28. Rc1 Rb8 29. Rc7 Qxd5 30. Rd1 Qa2 31. Rcxd7 Rxd7 32. Rxd7 Qb1+ 33. Kh2 Re8 34. Qf3 Qa2 35. Qe3 g6 36. Rd2 Qc4 37. Qd3 Qf4+ 38. g3 Qf6 39. Qd7 Rf8 40. Qd6 Qg5 41. Re2 h5 42. Rxe5 Qc1 43. Bxh5 gxh5 44. Qf6 Rc8 45. Rxh5 1-0

[Event "SRB-chT3 East"]
[Site "Serbia"]
[Date "2010.09.19"]
[Round "2.6"]
[White "Milosavljevic, Milica"]
[Black "Zivkovic, Zivko"]
[Result "0-1"]
[WhiteElo "1866"]
[BlackElo "2038"]
[PlyCount "136"]
[EventDate "2010.09.12"]
[EventType "team"]
[EventRounds "11"]
[EventCountry "SRB"]
[SourceTitle "EXT 2012"]
[Source "ChessBase"]
[SourceDate "2011.11.24"]
[SourceVersion "1"]
[SourceVersionDate "2011.11.24"]
[SourceQuality "1"]

1. c4 e5 2. Nc3 Nc6 3. g3 Nf6 4. Bg2 Bc5 5. Nf3 d6 6. d3 h6 7. 0-0 0-0 8. a3 a5 9. Rb1 Nd4 10. Na4 Ba7 11. Bd2 c6 12. Nxd4 Bxd4 13. Bc3 Bxc3 14. Nxc3 d5 15. cxd5 cxd5 16. Qb3 d4 17. Na4 Rb8 18. Qb6 Bg4 19. Rfe1 Nd7 20. Qxd8 Rfxd8 21. Rbc1 b6 22. Bc6 Nf8 23. Bb5 Rd5 24. Bc6 Rd6 25. f3 Be6 26. Bb5 Bb3 27. Kf2 Nd7 28. Rc7 Nf6 29. Rec1 Nd5 30. Rc8+ Rxc8 31. Rxc8+ Kh7 32. Rc6 Rg6 33. Rc8 f5 34. Be8 Rf6 35. Bc6 Ne7 36. Re8 Nxc6 37. Nxb6 Bf7 38. Rf8 Be6 39. Ra8 e4 40. dxe4 fxe4 41. Kg2 exf3+ 42. exf3 d3 43. Na4 Bd5 44. Nc3 Bxf3+ 45. Kf2 d2 46. b4 axb4 47. axb4 Nxb4 48. Rd8 Nd5 49. Nxd5 Bxd5+ 50. Ke2 Bc4+ 51. Kxd2 Rf2+ 52. Kc3 Be6 53. Re8 Bh3 54. Kd4 Rxh2 55. Re3 Bf5 56. Ke5 Kg6 57. Ra3 Re2+ 58. Kf4 Re4+ 59. Kf3 Rb4 60. Ra6+ Kg5 61. Ra7 Rb3+ 62. Kf2 g6 63. Ra4 h5 64. Rf4 Rb2+ 65. Ke3 Bg4 66. Ra4 Re2+ 67. Kd3 Re8 68. Ra5+ Bf5+ 0-1

[Event "SRB-ch U20 Girls"]
[Site "Banja Vrujci"]
[Date "2010.07.22"]
[Round "7"]
[White "Tomin, Ksenija"]
[Black "Milosavljevic, Milica"]
[Result "1-0"]
[WhiteElo "1909"]
[BlackElo "1854"]
[PlyCount "93"]
[EventDate "2010.07.16"]
[EventType "tourn"]
[EventRounds "9"]
[EventCountry "SRB"]
[SourceTitle "EXT 2012"]
[Source "ChessBase"]
[SourceDate "2011.11.24"]
[SourceVersion "1"]
[SourceVersionDate "2011.11.24"]
[SourceQuality "1"]

1. e4 g6 2. d4 Bg7 3. Nc3 c6 4. Be3 d6 5. Qd2 Qa5 6. Nge2 Nd7 7. f3 b5 8. Nc1 Qc7 9. a3 a6 10. Nd3 Nb6 11. Nf2 Bd7 12. Be2 Nf6 13. Bh6 0-0 14. Bxg7 Kxg7 15. h4 c5 16. d5 b4 17. Ncd1 Bb5 18. Ne3 Bxe2 19. Kxe2 Nh5 20. Ke1 a5 21. Neg4 Rh8 22. Qh6+ Kg8 23. Ne3 Qd8 24. g4 Nf6 25. h5 Qf8 26. Qf4 Qg7 27. h6 Qf8 28. Qg5 Qd8 29. f4 Kf8 30. f5 Ke8 31. Qf4 Rf8 32. g5 Nh5 33. Qg4 Nd7 34. Nc4 Ne5 35. Nxe5 dxe5 36. Nd3 Qd6 37. axb4 cxb4 38. Rf1 f6 39. fxg6 hxg6 40. gxf6 Rxf6 41. Rxf6 Qxf6 42. Ke2 Nf4+ 43. Nxf4 exf4 44. h7 Qxb2 45. Qxg6+ Kd7 46. Qc6+ Kd8 47. Qxa8+ 1-0

[Event "SRB-ch U20 Girls"]
[Site "Banja Vrujci"]
[Date "2010.07.18"]
[Round "3"]
[White "Milosavljevic, Milica"]
[Black "Dragojevic, Marija"]
[Result "0-1"]
[WhiteElo "1854"]
[BlackElo "1986"]
[PlyCount "82"]
[EventDate "2010.07.16"]
[EventType "tourn"]
[EventRounds "9"]
[EventCountry "SRB"]
[SourceTitle "EXT 2012"]
[Source "ChessBase"]
[SourceDate "2011.11.24"]
[SourceVersion "1"]
[SourceVersionDate "2011.11.24"]
[SourceQuality "1"]

1. c4 Nf6 2. Nc3 g6 3. g3 Bg7 4. Bg2 d6 5. e4 e5 6. Nge2 Nc6 7. d3 Bg4 8. h3 Bd7 9. 0-0 0-0 10. Be3 Nh5 11. Nd5 Ne7 12. d4 Nxd5 13. cxd5 f5 14. exf5 gxf5 15. dxe5 dxe5 16. Qd2 Bb5 17. Rfc1 f4 18. Bc5 Rf6 19. Nc3 Bd7 20. Ne4 Rg6 21. g4 Nf6 22. Nxf6+ Qxf6 23. f3 h5 24. Bf2 hxg4 25. hxg4 e4 26. Rxc7 e3 27. Bxe3 fxe3 28. Qxe3 Qxb2 29. Rd1 Re8 30. Qd3 Qb6+ 31. Kf1 Bb5 32. Rc4 Bxc4 33. Qxc4 Qa6 34. Qxa6 Rxa6 35. f4 Ra4 36. d6 Rxf4+ 37. Kg1 Bd4+ 38. Kh2 Rd8 39. Bd5+ Kg7 40. Kg3 Be5 41. Re1 Re4+ 0-1